000 01593nam0a2200361 4500
001 RU\NLR\bibl\1422212
005 20260405210150.0
010 _a978-5-901352-99-1
_9250
021 _aRU
_b2009-62001
_93824
035 _a(nilc)RSL-KNO-004365853
035 _a(NLR Aleph) 001414151
090 _a1301353
_c1301353
100 _a20090724d2009 |||y0rusy50 ca
101 0 _arus
102 _aRU
105 _aa |||||||||
200 1 _aНаркоучет: по закону или по инструкции?
_eрегулирование регистрации потребителей наркотиков в Российской Федерации
_fЛев Левинсон, Михаил Торбан
_gИн-т прав человека
210 _aМосква
_cАнахарсис
_d2009
215 _a98 с.
_cил.
_d30
320 _aБиблиогр. в подстроч. прим.
606 1 _aНаркологический учет
_yРоссийская Федерация
_92608775
_3RU\NLR\auth\661545333
606 1 _aНаркоманы
_xДиспансеризация
_92609105
_3RU\NLR\auth\661545663
686 _aХ621.154,0
_2rubbk
686 _aР11(2)286.18
686 _aХ621.163.16
700 1 _4070
_8rus
_7ca
_aЛевинсон
_bЛ. С.
_cжурналист, правозащитник
_f1963-
_gЛев Семенович
_3RU\NLR\auth\7793352
_976278
701 1 _aТорбан
_bМ.
_gМихаил
_4070
801 0 _aRU
_bРГБ
_c20090724
_grcr
801 1 _aRU
_bРГБ
_c20090724
801 2 _aRU
_bNLR
_c20091009
_grcr
942 _cBOOK
980 _aNB